| 000 | 005090000a22001810004500 | ||
|---|---|---|---|
| 003 | LK-CoMWRAF | ||
| 005 | 20240229091046.0 | ||
| 008 | 230817t ||||| |||| 00| 0 eng d | ||
| 040 |
_aLK-CoMWRAF _dLK-CoMWRAF _eLK-CoMWRAF |
||
| 041 |
_aeng _ajpn |
||
| 082 |
_a341.4858 _bASI |
||
| 110 | _aAsian women's fund | ||
| 245 |
_aWomen and Justice: _brecommended principles and guidelines |
||
| 260 |
_aTokyo: _bAsian Women's Fund, _c[n.d.] |
||
| 300 | _a44 p. | ||
| 650 | _a WOMEN-Legal status, laws, | ||
| 942 | _cBK | ||
| 999 |
_c1621 _d1621 |
||